[Event "Regionalliga NW 0304"]
[Site "Bayern"]
[Date "2003.11.23"]
[Round "3.8"]
[White "Ehrler, Eberhard"]
[Black "Blinzler, Hans"]
[Result "1/2-1/2"]
[WhiteElo "2106"]
[BlackElo "1846"]
[PlyCount "81"]
[EventDate "2003.10.12"]
[EventType "team-tourn"]
[EventRounds "9"]
[EventCountry "GER"]
[SourceTitle "EXT 2006"]
[Source "ChessBase"]
[SourceDate "2005.11.24"]
[SourceVersion "1"]
[SourceVersionDate "2005.11.24"]
[SourceQuality "1"]
[WhiteTeam "Schweinfurt"]
[BlackTeam "Kronach"]
[WhiteTeamCountry "GER"]
[BlackTeamCountry "GER"]

1. e4 c6 2. d4 d5 3. Nc3 dxe4 4. Nxe4 Bf5 5. Ng3 Bg6 6. h4 h6 7. Nf3 Nd7 8. h5 Bh7 9. Bd3 Bxd3 10. Qxd3 e6 11. Bd2 Ngf6 12. 0-0-0 Qc7 13. c4 0-0-0 14. Kb1 Kb8 15. Bc3 Bd6 16. Ne4 Nxe4 17. Qxe4 Nf6 18. Qe2 Rhe8 19. Ne5 c5 20. dxc5 Bxc5 21. f4 Bf8 22. g4 Kc8 23. g5 Ng8 24. Qe4 f6 25. Ng6 Qf7 26. Nxf8 Rxf8 27. Ba5 Rxd1+ 28. Rxd1 fxg5 29. Qd4 b6 30. Bb4 Re8 31. fxg5 hxg5 32. c5 Qf5+ 33. Ka1 Qd5 34. Qxd5 exd5 35. Rxd5 Rd8 36. Rxd8+ Kxd8 37. cxb6 axb6 38. Bc3 Ke7 39. Bxg7 Nf6 40. Bh6 g4 41. Be3 1/2-1/2